Statistiche per Personaggi dei grandi romanzi - 4

Clicka qui per fare il quiz!

Statistiche generali

  • Questo quiz è stato fatto 55 volte
  • Il punteggio medio è 9 su 25

Statistiche sulle risposte

PersonaggiRomanzo% Corretto
Conte Dracula, Jonathan Harker, Peter HawkinsDracula (Bram Stoker)
96%
Victor Frankenstein, Henry Clerval, la creaturaFrankenstein o il prometeo moderno (Mary Shelley)
91%
Zanna Bianca, Lip-Lip, Castoro GrigioZanna bianca (Jack London)
87%
Ebenezer Scrooge, Tiny Tim, Spirito del natale passatoCanto di natale (Charles Dickens)
80%
Artù, Lancillotto, ParsifalLa morte di Artù (Thomas Malory)
78%
Meg March, Jo March, Beth MarchPiccole donne (Louisa May Alcott)
62%
Mr Lockwood, Catherine Earnshaw, HeathcliffCime tempestose (Emily Bronte)
53%
Huckleberry Finn, Jim, Sally PhelpsLe avventure di Huckleberry Finn (Mark Twain)
51%
Lancillotto, Ginevra, KeuLancelot (Chrétien de Troyes)
44%
Gesualdo Motta, Bianca Trao, duca di LeyraMastro Don Gesualdo (Giovanni Verga)
42%
Robert Langdon, Vittoria Vetra, il camerlengoAngeli e demoni (Dan Brown)
38%
José Arcadio Buendìa, Amaranta, Remedios La BellaCent'anni di solitudine (Gabriel Garcia Marquez)
29%
Arthur Gordon Pym, Augustus Barnard, Dirk PetersStoria di Arthur Gordon Pym (Edgar Allan Poe)
20%
Sergente Rigoni, Moreschi, GiuanìnIl sergente nella neve (Mario Rigoni Stern)
18%
Tom, Elisa, EvaLa capanna dello zio Tom (Harriett Beecher Stowe)
16%
Medardo di Terralba, Curzio, SebastianaIl visconte dimezzato (Italo Calvino)
11%
Gustav Aschenbach, Tadzio, madre di TadzioLa morte a Venezia (Thomas Mann)
11%
Seymour Levov, Merry Levov, ZuckermanPastorale americana (Philip Roth)
11%
Esteban Trueba, Clara Del Valle, Esteban GarcìaLa casa degli spiriti (Isabel Allende)
9%
Robert Jordan, Maria, PilarPer chi suona la campana (Ernest Hemingway)
9%
Violette Toussaint, padre Cédric, NonoCambiare l'acqua ai fiori (Valérie Perrin)
7%
Harbey Cheyne, Disko Troop, Pennsylvania PrattCapitani coraggiosi (Rudyard Kipling)
7%
Tenente Serri, Capitano Reitani, ScudrèraCentomila gavette di ghiaccio (Giulio Bedeschi)
7%
Yvaine, Lunette, GalvanoYvaine (Chrétien de Troyes)
7%
Vera Claythorne, Philip Lombard, Lawrence WargraveDieci piccoli indiani (Agatha Christie)
4%

Distribuzione punteggi

Percentile per numero di risposta

Percentuale di utenti per punteggio

I tuoi punteggi nel tempo

Non hai fatto questo quiz